| 000 | 00586nam a22001577a 4500 | ||
|---|---|---|---|
| 999 |
_c533451 _d533451 |
||
| 020 | _qHard Cover. | ||
| 082 | _a624.1 | ||
| 100 | _aAnwar, Muhammad Yousaf | ||
| 245 |
_aAssessment of Seismic Response of Masonry Piers and Characterization of their Seismic Damage under Dynamic Load Simulations / _cMuhammad Yousaf Anwar |
||
| 260 |
_aIslamabad : _bNICE - NUST, _c2013. |
||
| 300 |
_axiv, 81 p. : ill. ; _c30cm. |
||
| 942 |
_2ddc _cTHE |
||
| 650 |
_aMS Structural Engineering. _927335 |
||
| 700 |
_aDr. Abdul Qadir Bhatti. _927317 |
||